LEADER 00944oam 2200301z- 450 001 9910136765703321 005 20241212220642.0 010 $a9781509021338 010 $a1509021337 035 $a(CKB)3710000000652111 035 $a(EXLCZ)993710000000652111 100 $a20220628c2016uuuu -u- - 101 0 $aeng 200 10$a32nd Southern Biomedical Engineering Conference $eSBEC 2016 : 11-13 March 2016, Shreveport, Louisiana 210 $cIEEE 311 08$a9781509021345 311 08$a1509021345 311 08$a9781509021321 311 08$a1509021329 517 $a2016 32nd Southern Biomedical Engineering Conference 606 $aBiomedical engineering$vCongresses 608 $aConference papers and proceedings.$2lcgft 615 0$aBiomedical engineering 676 $a610/.28 906 $aPROCEEDING 912 $a9910136765703321 996 $a32nd Southern Biomedical Engineering Conference$94256328 997 $aUNINA